| 000 | 01645nam0a2200373 4500 | ||
|---|---|---|---|
| 001 | RU\NLR\BIBL_A\012061963 | ||
| 005 | 20241108234110.0 | ||
| 010 | _a9785000835555 | ||
| 021 |
_aRU _b2019-46061 _9КН-П-3367 |
||
| 035 | _a(RuMoRGB)010019285 | ||
| 035 | _a(NLR Aleph) 012061963 | ||
| 090 |
_a11709911 _c11709911 |
||
| 100 | _a20190723d2019 c y0rusy50 ca | ||
| 101 | 0 | _arus | |
| 102 | _aRU | ||
| 105 | _aa z 000zy | ||
| 200 | 1 |
_aС востока на запад _eпутешествие письма в бутылке _e[для среднего школьного возраста] _fМарина Бабанская _gхудожник: Наталья Карпова |
|
| 210 |
_aМосква _cКомпасГид _cиздатель Виталий Зюсько _d2019 |
||
| 215 |
_a155 с. _cцв. ил. _d34 |
||
| 333 | _a6+ | ||
| 517 | 1 | _aПутешествие письма в бутылке | |
| 606 | 1 |
_aЭтнография _jИздания для детей _yРоссийская Федерация _92130254 _3RU\NLR\AUTH\661285252 |
|
| 607 |
_aРоссийская Федерация _jИздания для детей _92081263 _3RU\NLR\AUTH\661257240 |
||
| 686 | 0 |
_aШ9 _bТ5 |
|
| 686 | 0 |
_aШ9 _bД890 |
|
| 700 | 1 |
_aБабанская _bМ. И. _gМарина Ивановна |
|
| 702 | 1 |
_4040 _7ca _8rus _aКарпова _bН. А. _cхудожник-иллюстратор _gНаталья А. _9193713 _3RU\NLR\AUTH\770193764 |
|
| 942 | _cBOOK | ||
| 980 | _aNBR | ||